Leadership Security and National Development (Record no. 3248)

MARC details
000 -LEADER
fixed length control field 00351nam a22001337a 4500
008 - FIXED-LENGTH DATA ELEMENTS--GENERAL INFORMATION
fixed length control field 250429b |||||||| |||| 00| 0 eng d
020 ## - INTERNATIONAL STANDARD BOOK NUMBER
ISBN 9789785265583
100 ## - MAIN ENTRY--AUTHOR
Author Usman Bukar
245 ## - TITLE STATEMENT
Title Leadership Security and National Development
260 ## - PUBLICATION, DISTRIBUTION, ETC. (IMPRINT)
Place of publication Abuja
Name of publisher Wamidas Communications LTD
Date of publication 2015
300 ## - COLLATION
Pagination 63p.
942 ## - ADDED ENTRY ELEMENTS (KOHA)
Item type Books
050 ## - LIBRARY OF CONGRESS CALL NUMBER
Classification number JC 330
Item number .U86
Holdings
Source of classification or shelving scheme Not for loan Permanent location Current location Date acquired Accession No. Full call number Barcode. Koha item type
Library of Congress Classification   Samuel Ogbemudia Main Library, University of Abuja Samuel Ogbemudia Main Library, University of Abuja 04/29/2025 2016/46948 JC 330.U86 2025-1701 Books